00759nam a2200193 a 4500008004100000020001500041050001600056100001700072245007200089260003400161300001800195350000900213500006600222650001600288650002200304995009000326999001700416952013200433120416s1979 ||||||||||||||||| || u a0070634955 aTK 5101 Tem aTemes, Lloyd10aSchaum's outline of theory and problems of electronic communication aNew York :bMcGraw-Hillc1979 a138 p. : ill. a0.00 aCover title: Theory and problems of electronic communication. 0aELECTRONICS aTELECOMMUNICATION D0.00FCBU-MAIN LIBRARY (Kitwe)H1I3.95UDAMAGEDZMain Library Open Access Collection c57023d57023 00102lcc4070a001b001cMain Library Open Access Collectiond2022-11-30l0oTK 5101 Temp713772r2022-11-30w2022-11-30y002